Alsó - Tiszavidéki hal és halászati feljegyzések

Elmentve itt :
Bibliográfiai részletek
Szerző: Farkasné Bakonyi Ildikó
További közreműködők: Csizmazia György (Témavezető)
Dokumentumtípus: Szakdolgozat
Megjelent: 1981
Tárgyszavak:
Online Access:http://diploma.bibl.u-szeged.hu/82729
LEADER 00591nta a2200157 i 4500
001 dipl82729
005 20200623114031.0
008 200414s1981 hu om 0|| zxx d
040 |a SZTE Diploma Repozitórium  |b hun 
041 |a zxx 
100 2 |a Farkasné Bakonyi Ildikó 
245 1 0 |a Alsó - Tiszavidéki hal és halászati feljegyzések  |h [elektronikus dokumentum] /  |c Ildikó Farkasné Bakonyi 
260 |c 1981 
650 4 |a Pedagógusképzés 
700 1 |a Csizmazia György  |e ths 
856 4 0 |u http://diploma.bibl.u-szeged.hu/id/eprint/82729/1/itt_0505_1981_farkasne_bakonyi_ildiko.pdf  |z Dokumentum-elérés